[Event "36 R.G.Nezhmetdinov Memorial"]
[Site ", "]
[Date "2014.06.04"]
[Round "5.33"]
[White "Filipenko, Alexander V"]
[Black "Ofitserian, Boris"]
[Result "1-0"]
[WhiteElo "2293"]
[BlackElo "2132"]
[PlyCount "117"]
[EventDate "2014.??.??"]

1. e4 c5 2. Nf3 d6 3. Bb5+ Nd7 4. O-O a6 5. Bd3 Ngf6 6. Re1 g6 7. c3 Bg7 8. Bc2
O-O 9. d4 e5 10. dxe5 Nxe5 11. Nxe5 dxe5 12. Qxd8 Rxd8 13. Be3 b6 14. f3 Be6
15. a4 Rac8 16. b3 Nd7 17. Rd1 Bf8 18. Na3 Nb8 19. Nc4 Bxc4 20. bxc4 Nc6 21.
Rxd8 Rxd8 22. Rb1 Rb8 23. Bd3 Be7 24. g3 Kf8 25. Bh6+ Ke8 26. h4 Kd7 27. Bf1
Kc7 28. Rd1 Rd8 29. Rxd8 Bxd8 30. Kf2 Na5 31. Bg7 Kd6 32. Ke3 f6 33. Kd3 Nc6
34. Bh3 Be7 35. Bc8 a5 36. f4 exf4 37. gxf4 Nd8 38. Bh6 Nf7 39. Bg7 Bd8 40. Bb7
Ke7 41. e5 fxe5 42. fxe5 Bc7 43. Ke4 Nd8 44. Bc8 Kf7 45. Bh6 Nc6 46. e6+ Kg8
47. Bd7 Ne7 48. Be8 Nf5 49. Bf7+ Kh8 50. Bf8 Bd8 51. Kd5 Ne3+ 52. Kc6 Nxc4 53.
e7 Ne5+ 54. Kb5 Bxe7 55. Bxe7 Nxf7 56. Kxb6 Kg7 57. Kxa5 Ne5 58. Kb5 Kf7 59.
Bd6 1-0

[Event "36 R.G.Nezhmetdinov Memorial"]
[Site ", "]
[Date "2014.06.04"]
[Round "5.34"]
[White "Kozina, Anastasia"]
[Black "Rjabzev, Konstantin"]
[Result "0-1"]
[WhiteElo "1886"]
[BlackElo "2292"]
[PlyCount "56"]
[EventDate "2014.??.??"]

1. e4 e5 2. Nc3 Bc5 3. f4 d6 4. Nf3 Nd7 5. Bc4 Ngf6 6. d3 c6 7. Na4 Bb4+ 8. c3
Ba5 9. b4 Bc7 10. Bb3 b5 11. Nb2 a5 12. O-O a4 13. Bxf7+ Kxf7 14. Ng5+ Kg8 15.
Rf3 h6 16. Ne6 Bb6+ 17. Kh1 Qe8 18. f5 Nf8 19. Nxf8 Kxf8 20. Qf1 Bb7 21. g4 d5
22. Qh3 dxe4 23. g5 exf3 24. gxf6 gxf6 25. Bxh6+ Ke7 26. d4 c5 27. Kg1 Qg8+ 28.
Kf2 Rxh6 0-1

[Event "36 R.G.Nezhmetdinov Memorial"]
[Site ", "]
[Date "2014.06.04"]
[Round "5.35"]
[White "Pasiev, Rakhim"]
[Black "Chernozemov, Andrew"]
[Result "1-0"]
[WhiteElo "2410"]
[BlackElo "2114"]
[PlyCount "107"]
[EventDate "2014.??.??"]

1. Nf3 f5 2. c4 Nf6 3. Nc3 d6 4. d4 g6 5. g3 Nc6 6. Bg2 Bg7 7. d5 Ne5 8. Nd4
O-O 9. b3 c5 10. dxc6 bxc6 11. f4 Neg4 12. h3 Qa5 13. Bd2 Ne3 14. Bxe3 Qxc3+
15. Kf2 Ne4+ 16. Bxe4 fxe4 17. Rc1 Qa5 18. Nxc6 Qc7 19. Nb4 e6 20. c5 Qb7 21.
Qd2 a5 22. Nc2 e5 23. cxd6 g5 24. f5 Bxf5 25. Kg2 Qd7 26. Na3 Rad8 27. Nc4 h6
28. Nxa5 Qxd6 29. Qxd6 Rxd6 30. Rhd1 Rxd1 31. Rxd1 Ra8 32. b4 Be6 33. a3 Bf8
34. Bb6 Rc8 35. Rd8 Rxd8 36. Bxd8 Bd5 37. Bc7 Kf7 38. b5 Ke6 39. b6 Kd7 40.
Bxe5 Kc8 41. b7+ Bxb7 42. Nxb7 Kxb7 43. a4 h5 44. g4 hxg4 45. hxg4 Be7 46. Kf2
Bc5+ 47. Ke1 Kb6 48. Bf6 Be3 49. Bc3 Bc5 50. Kd2 Kc6 51. Bf6 Kd5 52. Bxg5 Kc4
53. Bf6 Bf2 54. g5 1-0

[Event "36 R.G.Nezhmetdinov Memorial"]
[Site ", "]
[Date "2014.06.04"]
[Round "5.36"]
[White "Sadykov, Ramil"]
[Black "Sadykov, Airat F"]
[Result "1-0"]
[WhiteElo "2288"]
[BlackElo "2106"]
[PlyCount "65"]
[EventDate "2014.??.??"]

1. e4 e5 2. Nf3 Nf6 3. d4 Nxe4 4. dxe5 d5 5. Nbd2 Nc5 6. Be2 Be7 7. O-O O-O 8.
Nb3 Nxb3 9. axb3 f6 10. c4 c6 11. Be3 a6 12. Qd4 Be6 13. Rad1 c5 14. Qf4 d4 15.
exf6 Bxf6 16. Qe4 Qc8 17. Bd3 dxe3 18. Qxh7+ Kf7 19. Qh5+ Ke7 20. Rfe1 exf2+
21. Kxf2 Bd4+ 22. Kf1 Kd6 23. Be4 Nc6 24. Qg6 Kc7 25. Bxc6 Rf6 26. Qxg7+ Kxc6
27. Rxd4 Rxf3+ 28. gxf3 cxd4 29. Qf6 Kd6 30. f4 Qg8 31. f5 Re8 32. Rxe6+ Kc7
33. Qe5+ 1-0

[Event "36 R.G.Nezhmetdinov Memorial"]
[Site ", "]
[Date "2014.06.04"]
[Round "5.37"]
[White "Igonin, Temur"]
[Black "Fedotov, Nikita"]
[Result "1/2-1/2"]
[WhiteElo "2215"]
[BlackElo "2017"]
[PlyCount "127"]
[EventDate "2014.??.??"]

1. e4 c5 2. Nf3 d6 3. Bb5+ Bd7 4. Bxd7+ Qxd7 5. O-O Nc6 6. c3 Nf6 7. d4 cxd4 8.
cxd4 g6 9. Nc3 Bg7 10. d5 Ne5 11. Nxe5 dxe5 12. f3 O-O 13. Be3 Rfc8 14. Qe2 Ne8
15. Qf2 b6 16. f4 Nd6 17. fxe5 Bxe5 18. Bd4 Bxd4 19. Qxd4 Rc4 20. Qd3 Rac8 21.
Rf4 b5 22. Raf1 f6 23. h4 Nf7 24. g4 Ne5 25. Qg3 b4 26. Nd1 Rd4 27. Nf2 Rc2 28.
g5 Qd6 29. gxf6 exf6 30. Ng4 Nxg4 31. Qxg4 Rxe4 32. Qg3 Ree2 33. R4f3 Rg2+ 34.
Qxg2 Rxg2+ 35. Kxg2 Qxd5 36. b3 Kg7 37. Kh3 f5 38. Rf4 a5 39. R1f2 Kf6 40. Rc4
Qh1+ 41. Kg3 Qg1+ 42. Kf3 Qd1+ 43. Kg3 Kg7 44. Rc7+ Kh6 45. Rc4 Kh5 46. Rcf4
Qd6 47. Kh3 Qe5 48. R4f3 Qa1 49. Rf4 Qg1 50. Re2 Qh1+ 51. Kg3 g5 52. hxg5 Kxg5
53. Ref2 Qb1 54. Rc4 Qd3+ 55. Kg2 h5 56. Rc8 Qd5+ 57. Kh2 Qe5+ 58. Kg2 Qe6 59.
Rc4 h4 60. Rcf4 Qe5 61. Rc4 Qg3+ 62. Kf1 h3 63. Rc8 Qd3+ 64. Kg1 1/2-1/2

[Event "36 R.G.Nezhmetdinov Memorial"]
[Site ", "]
[Date "2014.06.04"]
[Round "5.38"]
[White "Mirzanurov, Bulat"]
[Black "Fraiman, Dmitry"]
[Result "0-1"]
[WhiteElo "2195"]
[BlackElo "2094"]
[PlyCount "102"]
[EventDate "2014.??.??"]

1. e4 c5 2. Nf3 d6 3. d4 cxd4 4. Nxd4 Nf6 5. Nc3 a6 6. Be3 e5 7. Nb3 Be6 8. f3
Be7 9. Qd2 O-O 10. O-O-O Nbd7 11. g4 Qc7 12. g5 Nh5 13. Qf2 b5 14. Kb1 Rac8 15.
Bd3 Nc5 16. Nxc5 dxc5 17. Nd5 Bxd5 18. exd5 c4 19. Bf5 Rb8 20. Rhg1 c3 21. b3
Rfd8 22. h4 Nf4 23. h5 Nxd5 24. Rxd5 Rxd5 25. g6 Rbd8 26. gxh7+ Kh8 27. Bd3 Qd7
28. Qg3 Bf6 29. h6 g6 30. Bg5 Qe7 31. Bc1 Rxd3 32. cxd3 Rxd3 33. Qg4 Kxh7 34.
Qe4 Qd7 35. Rg2 Qd5 36. Rf2 Qd4 37. Kc2 b4 38. Qxd4 Rxd4 39. a3 a5 40. axb4
axb4 41. Be3 Rd5 42. Rf1 g5 43. Ra1 Kxh6 44. Ra4 Rb5 45. Kd3 Kg6 46. Ke4 Be7
47. Ra6+ f6 48. Rc6 Kf7 49. Kf5 Rb7 50. Bb6 Rd7 51. Ba5 Rd4 0-1

[Event "36 R.G.Nezhmetdinov Memorial"]
[Site ", "]
[Date "2014.06.04"]
[Round "5.39"]
[White "Zhdanov, Petr"]
[Black "Pushkin, Eduard"]
[Result "1/2-1/2"]
[WhiteElo "2021"]
[BlackElo "2150"]
[PlyCount "97"]
[EventDate "2014.??.??"]

1. e4 d6 2. d4 Nf6 3. Nc3 c6 4. f4 Qa5 5. Bd3 e5 6. Nf3 exd4 7. Nxd4 Qb6 8. Be2
d5 9. e5 Ne4 10. Nxe4 dxe4 11. Nb3 Be7 12. Qd4 Qxd4 13. Nxd4 a6 14. Be3 c5 15.
Nb3 b6 16. O-O Nc6 17. c3 Bb7 18. a4 a5 19. Nd2 O-O 20. Nxe4 Nxe5 21. Nxc5 Bxc5
22. Bxc5 bxc5 23. fxe5 Bd5 24. Bb5 Rfd8 25. Rad1 Kf8 26. Rd2 Bb3 27. Rd6 Rxd6
28. exd6 Be6 29. Kf2 Rd8 30. Rd1 f5 31. h4 Kf7 32. Ke3 g6 33. Kf4 Kf6 34. d7 h6
35. Rd6 g5+ 36. hxg5+ hxg5+ 37. Ke3 Ke5 38. Ra6 f4+ 39. Kf2 Bxd7 40. Bxd7 Rxd7
41. Rxa5 Ke4 42. Rxc5 Rd2+ 43. Kf1 g4 44. b4 Ra2 45. Rc8 Rxa4 46. Re8+ Kd3 47.
Rg8 Ke3 48. Re8+ Kd3 49. Rg8 1/2-1/2

[Event "36 R.G.Nezhmetdinov Memorial"]
[Site ", "]
[Date "2014.06.04"]
[Round "5.40"]
[White "Ovchinnikov, Vsevolod"]
[Black "Teimurov, Artur"]
[Result "1/2-1/2"]
[WhiteElo "2135"]
[BlackElo "1934"]
[PlyCount "84"]
[EventDate "2014.??.??"]

1. d4 Nf6 2. c4 g6 3. Nf3 Bg7 4. Nc3 O-O 5. e4 d6 6. Be2 e5 7. d5 a5 8. Bg5 h6
9. Bh4 Na6 10. Nd2 Bd7 11. a3 Qe8 12. b3 Nh7 13. O-O h5 14. f3 Bh6 15. Kh1 Nc5
16. Ra2 f5 17. Qb1 Nf6 18. b4 axb4 19. axb4 Na4 20. Nxa4 Rxa4 21. Rxa4 Bxa4 22.
Be1 Bd7 23. Bd3 fxe4 24. Nxe4 Nxe4 25. Bxe4 Bf5 26. Bc3 Bxe4 27. Qxe4 Rf4 28.
Qe2 Kh7 29. g3 Rf7 30. b5 c6 31. dxc6 bxc6 32. Rd1 cxb5 33. cxb5 Qa8 34. Kg2 h4
35. Rxd6 h3+ 36. Kf2 e4 37. f4 e3+ 38. Kg1 Qe4 39. Rd3 Bxf4 40. gxf4 Rxf4 41.
Rd7+ Kh6 42. Rd4 Qb1+ 1/2-1/2

[Event "36 R.G.Nezhmetdinov Memorial"]
[Site ", "]
[Date "2014.06.04"]
[Round "5.41"]
[White "Rjanova, Valery"]
[Black "Galimov, Ildus"]
[Result "1-0"]
[WhiteElo "2131"]
[BlackElo "1926"]
[PlyCount "41"]
[EventDate "2014.??.??"]

1. e4 d6 2. d4 Nf6 3. Nc3 c6 4. f4 Qa5 5. Bd3 e5 6. Nf3 Nbd7 7. Qe2 Be7 8. Bd2
Qc7 9. O-O-O O-O 10. g4 b5 11. g5 Ne8 12. Rdf1 b4 13. Nd1 c5 14. dxe5 dxe5 15.
Ne3 Bb7 16. Nf5 Bd8 17. Rhg1 f6 18. g6 h6 19. fxe5 Nxe5 20. Nxe5 Qxe5 21. Bf4
1-0

[Event "36 R.G.Nezhmetdinov Memorial"]
[Site ", "]
[Date "2014.06.04"]
[Round "5.42"]
[White "Sharafutdinov, Marat"]
[Black "Korovin, Mikhail"]
[Result "0-1"]
[WhiteElo "1837"]
[BlackElo "2197"]
[PlyCount "83"]
[EventDate "2014.??.??"]

1. d4 Nf6 2. Nf3 g6 3. e3 d5 4. c4 c6 5. Nc3 Bg7 6. cxd5 cxd5 7. Bb5+ Nc6 8.
Ne5 Bd7 9. Bxc6 bxc6 10. O-O O-O 11. Na4 Qc7 12. Qc2 Ng4 13. Nxg4 Bxg4 14. b3
Bf5 15. Qd2 e5 16. Bb2 e4 17. Rac1 h5 18. Rc5 h4 19. Rfc1 h3 20. Rxc6 Qe7 21.
g3 Qg5 22. Nc3 Qh5 23. Qe2 Bg4 24. Qf1 Rac8 25. Rxc8 Rxc8 26. f4 exf3 27. Nd1
Re8 28. Kf2 Qf5 29. Qb5 Re6 30. Qc5 Bf8 31. Qc2 Qg5 32. Qd2 Bh6 33. Rc5 Bf8 34.
b4 Bd6 35. Kg1 f2+ 36. Nxf2 Bxc5 37. dxc5 Rxe3 38. Bc3 Bd7 39. Qd4 f6 40. Bd2
Rxg3+ 41. hxg3 Qxg3+ 42. Kf1 0-1

[Event "36 R.G.Nezhmetdinov Memorial"]
[Site ", "]
[Date "2014.06.04"]
[Round "5.43"]
[White "Mardakhaev, Semen"]
[Black "Zlachevskiy, Leonid"]
[Result "0-1"]
[WhiteElo "1917"]
[BlackElo "2093"]
[PlyCount "140"]
[EventDate "2014.??.??"]

1. d4 Nf6 2. Nf3 e6 3. Bg5 d5 4. e3 c5 5. c3 Nbd7 6. Ne5 Be7 7. Nd2 O-O 8. Be2
Nxe5 9. dxe5 Nd7 10. Bf4 a6 11. a4 b6 12. c4 Re8 13. Bf3 Nf8 14. Nb1 Ra7 15.
cxd5 exd5 16. Qxd5 Rd7 17. Qb3 Rd3 18. Qc2 Bf5 19. e4 Ng6 20. Bg3 Bh3 21. O-O
Rxf3 22. gxf3 Bxf1 23. Kxf1 Bg5 24. Nc3 h5 25. h3 h4 26. Bh2 Bf4 27. Bxf4 Nxf4
28. Ne2 Qg5 29. Nxf4 Qxf4 30. Ke2 Rxe5 31. Qb3 Re6 32. Qe3 Qh2 33. f4 Qg2 34.
e5 f6 35. Rd1 fxe5 36. fxe5 Qg6 37. Ke1 Qe8 38. Qb3 Kh8 39. f4 Qg6 40. Rd8+ Kh7
41. Qd3 Qxd3 42. Rxd3 Kg6 43. Rd8 Kf5 44. Rf8+ Ke4 45. Ke2 g5 46. fxg5 Rxe5 47.
g6 Rg5 48. Rf6 Rg3 49. Rxb6 Rxh3 50. Rxa6 Rh2+ 51. Kd1 Rxb2 52. g7 Rg2 53. Rh6
Kd3 54. Rd6+ Kc4 55. Rh6 Rxg7 56. Rxh4+ Kb3 57. Kd2 Rg2+ 58. Ke3 c4 59. a5 c3
60. Rh6 c2 61. Rb6+ Kc3 62. Rc6+ Kb2 63. Rb6+ Kc1 64. Rd6 Rg3+ 65. Kd4 Kb2 66.
Rc6 Ra3 67. Rb6+ Rb3 68. Rc6 Rb4+ 69. Rc4 Rxc4+ 70. Kxc4 c1=Q+ 0-1

[Event "36 R.G.Nezhmetdinov Memorial"]
[Site ", "]
[Date "2014.06.04"]
[Round "5.44"]
[White "Zhanazarov, Iskander"]
[Black "Mamyrbay, Assad"]
[Result "0-1"]
[WhiteElo "1764"]
[BlackElo "2078"]
[PlyCount "58"]
[EventDate "2014.??.??"]

1. e4 e6 2. d4 d5 3. e5 c5 4. c3 Nc6 5. Nf3 Qb6 6. a3 Nh6 7. b4 cxd4 8. cxd4
Nf5 9. Be3 f6 10. exf6 gxf6 11. Qd2 Nxe3 12. fxe3 Bh6 13. Qd3 Bd7 14. Nc3 Ne7
15. Be2 O-O-O 16. g4 Kb8 17. O-O-O Rc8 18. Kb2 Nc6 19. Rb1 Na5 20. Qd2 Nc4+ 21.
Bxc4 Rxc4 22. Rhf1 Rhc8 23. Rfc1 a5 24. Na4 Bxa4 25. Ka1 Rxc1 26. Rxc1 Rxc1+
27. Qxc1 axb4 28. axb4 Qxb4 29. h4 Qc4 0-1

[Event "36 R.G.Nezhmetdinov Memorial"]
[Site ", "]
[Date "2014.06.04"]
[Round "5.45"]
[White "Ioffe, Dmitry"]
[Black "Tukaeva, Adelya"]
[Result "1-0"]
[WhiteElo "2077"]
[BlackElo "1796"]
[PlyCount "201"]
[EventDate "2014.??.??"]

1. d4 d5 2. Nf3 Nf6 3. c4 c6 4. Nc3 e6 5. Bg5 h6 6. Bxf6 Qxf6 7. Qb3 Nd7 8. g3
Bd6 9. Bg2 Qe7 10. O-O O-O 11. e4 dxe4 12. Nxe4 Bc7 13. Rad1 c5 14. Qa3 Bb6 15.
Rfe1 f5 16. Nc3 Qf6 17. dxc5 Bxc5 18. b4 Be7 19. Qb3 a5 20. a3 Kh7 21. c5 e5
22. Nd5 Qe6 23. Nd4 Qf7 24. Nxf5 Nxc5 25. bxc5 Bxf5 26. Qxb7 Rae8 27. Rxe5 Bc8
28. Qb1+ g6 29. Rxe7 Rxe7 30. Nxe7 Qxe7 31. Rd6 Qf7 32. Qc2 Bf5 33. Qd2 Qb3 34.
h4 Qxa3 35. c6 Qb4 36. Qxb4 axb4 37. Rd4 Rb8 38. Be4 b3 39. Bxf5 gxf5 40. Rd7+
Kg6 41. Rb7 Rc8 42. c7 b2 43. Kg2 Rxc7 44. Rxb2 Rc6 45. Rb4 Kf6 46. Kf3 Re6 47.
Kf4 Kg6 48. Rb5 Re4+ 49. Kf3 Re6 50. Ra5 Kf6 51. Kf4 Re4+ 52. Kf3 Re6 53. Rc5
Kg6 54. Rc8 Kf6 55. Kf4 Re4+ 56. Kf3 Re6 57. Rc7 Kg6 58. Rc8 Kf6 59. Rc7 Kg6
60. Rc3 Kf6 61. Re3 Ra6 62. Re8 Ra3+ 63. Kg2 Kf7 64. Re5 Kf6 65. Rb5 Ra6 66.
Kh3 Kg6 67. Rb8 Rc6 68. Rf8 Ra6 69. f3 Ra3 70. f4 Ra5 71. Re8 Ra6 72. Rf8 Ra5
73. Rg8+ Kf7 74. Rb8 Ra6 75. Rc8 Kg6 76. Rf8 Ra5 77. Rg8+ Kf7 78. Rh8 Kg7 79.
Re8 Kf6 80. h5 Kf7 81. Rh8 Kg7 82. Rb8 Ra6 83. Rb7+ Kg8 84. Kg2 Ra2+ 85. Kh3
Ra6 86. Re7 Rb6 87. Re5 Rf6 88. Re7 Rb6 89. Re5 Rf6 90. g4 fxg4+ 91. Kxg4 Ra6
92. Re7 Rb6 93. Kf5 Ra6 94. Re6 Ra5+ 95. Kg6 Kf8 96. f5 Rb5 97. Ra6 Rc5 98.
Ra8+ Ke7 99. f6+ Ke6 100. Re8+ Kd7 101. f7 1-0

[Event "36 R.G.Nezhmetdinov Memorial"]
[Site ", "]
[Date "2014.06.04"]
[Round "5.46"]
[White "Matskevich, Ivan"]
[Black "Faizrakhmanov, Ildar"]
[Result "1-0"]
[WhiteElo "2009"]
[BlackElo "1721"]
[PlyCount "95"]
[EventDate "2014.??.??"]

1. e4 c5 2. Nc3 d6 3. g3 Nc6 4. Bg2 g6 5. d3 Bg7 6. Be3 e6 7. Nge2 Nd4 8. O-O
Ne7 9. h3 O-O 10. Kh2 Rb8 11. f4 b5 12. a3 Qc7 13. Qd2 Nxe2 14. Qxe2 Nc6 15.
Nd1 Bd7 16. c3 d5 17. Rc1 Ne7 18. d4 c4 19. Nf2 f5 20. e5 a5 21. g4 fxg4 22.
hxg4 b4 23. axb4 axb4 24. Rh1 bxc3 25. bxc3 Rb3 26. Kg3 h6 27. Qd2 Kf7 28. Ra1
Rfb8 29. Ra2 Rh8 30. Nh3 Rg8 31. Rha1 Nc6 32. Kh2 Ke7 33. Qc2 Bf8 34. Kh1 Nb4
35. cxb4 Rxe3 36. Ra7 Qb8 37. Qa4 Qc8 38. b5 Rb3 39. f5 gxf5 40. gxf5 exf5 41.
Nf4 Rg7 42. e6 Kd6 43. exd7 Rxd7 44. Qa6+ Qxa6 45. R1xa6+ Ke7 46. Nxd5+ Ke8 47.
Nf6+ Kf7 48. Rxd7+ 1-0

[Event "36 R.G.Nezhmetdinov Memorial"]
[Site ", "]
[Date "2014.06.04"]
[Round "5.47"]
[White "Kleimenov, Ivan"]
[Black "Mingatin, Mars"]
[Result "0-1"]
[WhiteElo "1526"]
[BlackElo "2004"]
[PlyCount "40"]
[EventDate "2014.??.??"]

1. d4 Nf6 2. c4 g6 3. Nf3 Bg7 4. e3 O-O 5. Bd3 d6 6. b3 e5 7. Qc2 Nc6 8. a3
exd4 9. exd4 Re8+ 10. Be2 Bg4 11. Bb2 Bxf3 12. gxf3 Nh5 13. Qd2 Qh4 14. Kf1
Nxd4 15. Nc3 Qh3+ 16. Kg1 Rxe2 17. Qxe2 Nxe2+ 18. Nxe2 Bxb2 19. Ra2 Be5 20. Ng3
Nf4 0-1

[Event "36 R.G.Nezhmetdinov Memorial"]
[Site ", "]
[Date "2014.06.04"]
[Round "5.49"]
[White "Mischeryakov, Alexey"]
[Black "Kavyev, Ruslan"]
[Result "1-0"]
[WhiteElo "1945"]
[BlackElo "1880"]
[PlyCount "97"]
[EventDate "2014.??.??"]

1. e4 c5 2. f4 d6 3. Nf3 Nc6 4. Bb5 Bd7 5. O-O g6 6. c4 Bg7 7. d3 e6 8. Nc3
Nge7 9. Bxc6 Nxc6 10. Nb5 Qb8 11. f5 a6 12. fxe6 fxe6 13. Nc3 O-O 14. Be3 Nd4
15. Bxd4 cxd4 16. Ne2 e5 17. h3 Bh6 18. Qe1 Qd8 19. Qg3 b5 20. b3 bxc4 21. bxc4
Ba4 22. Nh2 Be3+ 23. Kh1 Qe7 24. Ng4 Bg5 25. c5 Rxf1+ 26. Rxf1 Rf8 27. Rxf8+
Qxf8 28. cxd6 Qf1+ 29. Ng1 Qf4 30. Qxf4 exf4 31. Nf3 Bd8 32. Nxd4 Kf7 33. Ne5+
Ke8 34. Nec6 Bxc6 35. Nxc6 Bb6 36. Ne5 Kd8 37. Nc4 Bd4 38. h4 h5 39. Kh2 Kd7
40. g3 f3 41. Nd2 f2 42. Kg2 Kxd6 43. Nb3 Be3 44. Kf1 Ke5 45. Ke2 Kd6 46. Na5
Kc5 47. Nc4 Bd4 48. Nd2 Be3 49. Kxe3 1-0

[Event "36 R.G.Nezhmetdinov Memorial"]
[Site ", "]
[Date "2014.06.04"]
[Round "5.50"]
[White "Bubnov, Kirill"]
[Black "Kurninov, Andrei"]
[Result "1-0"]
[WhiteElo "1871"]
[BlackElo "1708"]
[PlyCount "145"]
[EventDate "2014.??.??"]

1. d4 Nf6 2. c4 c5 3. d5 e6 4. Nc3 exd5 5. cxd5 d6 6. e4 a6 7. a4 g6 8. a5 Bg7
9. Nf3 Bg4 10. Be2 O-O 11. h3 Bxf3 12. Bxf3 Nbd7 13. O-O Re8 14. Re1 b5 15.
axb6 Nxb6 16. Bf4 Nc4 17. Qe2 Ne5 18. Bxe5 Rxe5 19. Rxa6 Rxa6 20. Qxa6 Qb8 21.
Nb5 Nxd5 22. Nxd6 Ne7 23. Nc4 Re6 24. Qa5 Bd4 25. Ra1 Qb3 26. Qa4 Qxa4 27. Rxa4
Kg7 28. Kf1 f5 29. exf5 Nxf5 30. Bg4 Rf6 31. Ra7+ Kg8 32. Bxf5 Rxf5 33. f3 h5
34. Rd7 Bf6 35. Nd6 Re5 36. Ne4 Be7 37. Ke2 Kf7 38. Ke3 Ke6 39. Rc7 Kd5 40. Kd3
g5 41. g3 Ke6 42. Rc6+ Kd5 43. Ra6 Rf5 44. Nc3+ Ke5 45. Ke3 Rf8 46. Rh6 Rb8 47.
f4+ Kf5 48. Nd5 Rb3+ 49. Ke2 Bd8 50. Ne3+ Ke4 51. Re6+ Kd4 52. Rd6+ Ke4 53. Nc4
Rxg3 54. Rxd8 Kxf4 55. Rf8+ Ke4 56. Nd2+ Kd4 57. Rd8+ Ke5 58. Nf3+ Kf4 59. Rf8+
Ke4 60. Kf2 h4 61. b3 Kd3 62. Ne1+ Kc3 63. Rf3+ Rxf3+ 64. Kxf3 Kxb3 65. Kg4 Kc4
66. Kxg5 Kd5 67. Kxh4 Ke6 68. Kg4 c4 69. Kf4 Kf6 70. Ke4 c3 71. Kd3 Kf5 72.
Kxc3 Kf4 73. Ng2+ 1-0

[Event "36 R.G.Nezhmetdinov Memorial"]
[Site ", "]
[Date "2014.06.04"]
[Round "5.51"]
[White "Kitov, Matvey"]
[Black "Sadykov, Renat"]
[Result "0-1"]
[WhiteElo "1839"]
[BlackElo "2069"]
[PlyCount "74"]
[EventDate "2014.??.??"]

1. d4 d5 2. c4 c6 3. cxd5 cxd5 4. Nf3 Nf6 5. Nc3 Nc6 6. Bf4 Bf5 7. e3 e6 8. Bd3
Bxd3 9. Qxd3 Bd6 10. Bxd6 Qxd6 11. a3 O-O 12. O-O a6 13. Rac1 b5 14. b4 Rfc8
15. Nd2 e5 16. Nb3 e4 17. Qe2 Nd7 18. Nc5 Nb6 19. Qh5 Ne7 20. Ra1 Nc4 21. h3 g6
22. Qe2 f5 23. f4 exf3 24. Rxf3 Nc6 25. Qf2 Re8 26. Nd3 Rad8 27. Nc5 Ra8 28.
Nd3 Rad8 29. Nc5 Re7 30. Nxa6 Nxd4 31. exd4 Qxa6 32. Qg3 Qf6 33. h4 Qxd4+ 34.
Kh2 Ne3 35. Nxb5 Ng4+ 36. Kh3 Qxa1 37. Nc3 Qh1+ 0-1

[Event "36 R.G.Nezhmetdinov Memorial"]
[Site "Kazan"]
[Date "2014.06.05"]
[Round "6.1"]
[White "Kokarev, Dmitry"]
[Black "Yudin, Sergei"]
[Result "1-0"]
[WhiteElo "2628"]
[BlackElo "2546"]
[PlyCount "81"]
[EventDate "2014.??.??"]

1. e4 d6 2. d4 Nf6 3. Nc3 e5 4. Nf3 Nbd7 5. Bc4 Be7 6. O-O O-O 7. a4 a5 8. Re1
c6 9. h3 h6 10. b3 Re8 11. Bb2 Qc7 12. Bf1 Nf8 13. Qd2 N6h7 14. d5 Ng5 15. Nxg5
Bxg5 16. Qd3 Nd7 17. Ba3 Nc5 18. Bxc5 dxc5 19. Rad1 Rd8 20. Qf3 Bd7 21. Bc4 Be8
22. g3 Rab8 23. h4 Be7 24. dxc6 bxc6 25. Qf5 Rd4 26. Ne2 Rdd8 27. Nc1 Bd6 28.
Nd3 Qe7 29. Rd2 Bc7 30. Red1 Rd4 31. c3 Rdd8 32. Ne1 Rd6 33. Rxd6 Bxd6 34. Nf3
Kh8 35. h5 g6 36. hxg6 fxg6 37. Qg4 Kh7 38. Kg2 Rd8 39. Rh1 Kg7 40. Nh4 Qg5 41.
Qe6 1-0

[Event "36 R.G.Nezhmetdinov Memorial"]
[Site "Kazan"]
[Date "2014.06.05"]
[Round "6.2"]
[White "Andriasian, Zaven"]
[Black "Rychagov, Andrey"]
[Result "1/2-1/2"]
[WhiteElo "2611"]
[BlackElo "2535"]
[PlyCount "75"]
[EventDate "2014.??.??"]

1. e4 e6 2. d4 d5 3. Nc3 Nf6 4. e5 Nfd7 5. f4 c5 6. Nf3 Nc6 7. Be3 cxd4 8. Nxd4
Bc5 9. Qd2 O-O 10. O-O-O a6 11. h4 Nxd4 12. Bxd4 b5 13. h5 b4 14. Na4 Bxd4 15.
Qxd4 a5 16. h6 g6 17. Bb5 Qc7 18. g4 Rb8 19. Bd3 Bb7 20. Rhe1 Rfc8 21. Kb1 Qc6
22. b3 Ba6 23. Bxa6 Qxa6 24. f5 Qc6 25. Rd2 Nc5 26. Nxc5 Qxc5 27. Rf1 Qxd4 28.
Rxd4 g5 29. Rd2 Rc3 30. fxe6 fxe6 31. Rdf2 Rh3 32. Rf6 Re8 33. Kb2 Rh2 34. Kb1
Rh4 35. Rg1 Rh2 36. Rgf1 Rh4 37. Rg1 Rh2 38. Rgf1 1/2-1/2

[Event "36 R.G.Nezhmetdinov Memorial"]
[Site "Kazan"]
[Date "2014.06.05"]
[Round "6.3"]
[White "Rozum, Ivan"]
[Black "Danin, Alexandre"]
[Result "1-0"]
[WhiteElo "2535"]
[BlackElo "2594"]
[PlyCount "79"]
[EventDate "2014.??.??"]

1. d4 Nf6 2. c4 g6 3. f3 d5 4. cxd5 Nxd5 5. e4 Nb6 6. Nc3 Bg7 7. Be3 O-O 8. Qd2
Nc6 9. O-O-O Qd6 10. Nb5 Qd7 11. f4 Qe6 12. Nc3 Nc4 13. Qe2 Nxe3 14. Qxe3 Nb4
15. Kb1 c6 16. Nf3 Nd5 17. Nxd5 cxd5 18. e5 Qg4 19. g3 g5 20. Bd3 f6 21. Rdg1
fxe5 22. Nxe5 Qh3 23. fxg5 Bf5 24. Rd1 Rac8 25. a3 Qg2 26. Bxf5 Rxf5 27. Nd3
Rc6 28. Rhe1 Qxh2 29. Qxe7 Qc2+ 30. Ka1 Qb3 31. Nc5 Qf3 32. Nd7 Ra6 33. Rc1 Rf7
34. Rc8+ Bf8 35. Rxf8+ Rxf8 36. Nxf8 Qxf8 37. Qd7 Rd6 38. Qxb7 a5 39. Rh1 h5
40. gxh6 1-0

[Event "36 R.G.Nezhmetdinov Memorial"]
[Site "Kazan"]
[Date "2014.06.05"]
[Round "6.4"]
[White "Yagupov, Igor"]
[Black "Savchenko, Boris"]
[Result "0-1"]
[WhiteElo "2414"]
[BlackElo "2559"]
[PlyCount "172"]
[EventDate "2014.??.??"]

1. e4 c5 2. Nf3 Nc6 3. d4 cxd4 4. Nxd4 g6 5. Nc3 Bg7 6. Be3 Nf6 7. Bc4 Na5 8.
Be2 O-O 9. Qd2 d5 10. e5 Ng4 11. f4 Nxe3 12. Qxe3 e6 13. O-O-O f6 14. Nf3 fxe5
15. fxe5 Nc6 16. Nb5 Bd7 17. Nbd4 Qc7 18. Nxc6 bxc6 19. c4 Rab8 20. Rd2 Rb4 21.
Kb1 Rfb8 22. Rc1 Qa5 23. Rc3 Bf8 24. Rb3 Bc5 25. Qh6 Bf8 26. Qe3 Bc5 27. Qh6
Rxb3 28. axb3 Bf8 29. Qe3 Qb6 30. Rd3 Bc5 31. Qh6 Bf8 32. Qe3 Be7 33. Qxb6 axb6
34. Nd4 Bc5 35. Bg4 Kf7 36. cxd5 cxd5 37. b4 Bxd4 38. Rxd4 Ke7 39. Rf4 Rc8 40.
Be2 Rg8 41. g4 g5 42. Rf3 Be8 43. Ra3 Bg6+ 44. Kc1 Rc8+ 45. Rc3 Rf8 46. Rc7+
Kd8 47. Rc6 Rf4 48. Rxe6 Rxb4 49. Bf3 d4 50. Rd6+ Ke7 51. Be2 d3 52. Bxd3 Bxd3
53. Rxd3 Rxg4 54. Rh3 Rh4 55. Rxh4 gxh4 56. Kd2 Ke6 57. Kd3 Kxe5 58. Kc4 Kf4
59. Kb5 Kg4 60. Kxb6 Kh3 61. b4 Kxh2 62. b5 h3 63. Kc5 Kg2 64. b6 h2 65. b7
h1=Q 66. b8=Q Qh5+ 67. Kd4 Qh4+ 68. Kd5 h5 69. Ke6 Qe4+ 70. Kf6 h4 71. Kg5 h3
72. Qb2+ Kg3 73. Qc3+ Kg2 74. Qb2+ Kg3 75. Qc3+ Qf3 76. Qe1+ Kh2 77. Kh6 Qf4+
78. Kh7 Qc7+ 79. Kh6 Qd6+ 80. Kh7 Qd3+ 81. Kh6 Kg2 82. Qh4 Qd2+ 83. Kh7 Qd7+
84. Kh8 Qe8+ 85. Kg7 Qe5+ 86. Kh7 Qf5+ 0-1

[Event "36 R.G.Nezhmetdinov Memorial"]
[Site "Kazan"]
[Date "2014.06.05"]
[Round "6.5"]
[White "Lintchevski, Daniil"]
[Black "Pogonina, Natalya"]
[Result "1/2-1/2"]
[WhiteElo "2546"]
[BlackElo "2501"]
[PlyCount "120"]
[EventDate "2014.??.??"]

1. Nf3 d5 2. g3 Nf6 3. Bg2 e6 4. O-O Be7 5. d4 b5 6. b3 Ba6 7. Nbd2 O-O 8. c4
c6 9. Bb2 Nbd7 10. c5 b4 11. Re1 Bb5 12. Qc2 Re8 13. a4 bxa3 14. Rxa3 Bf8 15.
e3 a6 16. Rea1 Qc7 17. b4 Rab8 18. Nb1 g6 19. Nc3 Bg7 20. Nxb5 axb5 21. Qb3 Ne4
22. Ra7 Rb7 23. Rxb7 Qxb7 24. Qa2 Rb8 25. Qa6 Qc7 26. Ra2 h5 27. Ba1 Bh6 28.
Qa5 Qc8 29. Qa6 Qc7 30. Ne1 Nef6 31. Nd3 h4 32. Qa5 Qc8 33. gxh4 Kh7 34. Kf1
Nh5 35. Bf3 Ng7 36. Ke2 Rb7 37. Bc3 Qb8 38. Qa8 Qc7 39. Ne5 Nxe5 40. dxe5 Rb8
41. Qa7 Rb7 42. Qa6 Nf5 43. h5 g5 44. Bg4 Ne7 45. Qa5 Qc8 46. Bd4 Bg7 47. Qa3
Qc7 48. f4 gxf4 49. exf4 Nf5 50. Bxf5+ exf5 51. Qh3 Qc8 52. h6 Bxh6 53. Kd1 Qe6
54. Ra8 Rc7 55. Rd8 Rd7 56. Ra8 Rc7 57. Rd8 Rd7 58. Ra8 Rc7 59. Rd8 Rd7 60. Ra8
Rc7 1/2-1/2